[Event "Lueneburg Open 2013"]
[Site "Lueneburg GER"]
[Date "2013.07.18"]
[Round "4.10"]
[White "Schatz,C"]
[Black "Bokelmann,J"]
[Result "0-1"]
[WhiteElo "2220"]
[BlackElo "2073"]

1.c4 e6 2.Nf3 d5 3.g3 c6 4.Qc2 Nf6 5.Bg2 Be7 6.O-O O-O 7.d4 Nbd7 8.Nbd2 b6
9.e4 dxe4 10.Nxe4 Bb7 11.Ne5 Nxe5 12.dxe5 Nxe4 13.Bxe4 g6 14.Bh6 Re8 15.h4 Qc7
16.h5 Qxe5 17.hxg6 f5 18.Bg2 hxg6 19.Rfe1 Qf6 20.Bf4 Bf8 21.Re2 e5 22.Rae1 e4
23.f3 Bc5+ 24.Kf1 Bb4 25.Bd2 Bxd2 26.Qxd2 c5 27.fxe4 fxe4+ 28.Rf2 Qg7 29.Qg5 Re5
30.Qg4 Rae8 31.Rf4 Rf5 32.Re2 Qf6 33.Ref2 Qg5 34.Qxg5 Rxg5 35.Rf7 e3 36.Rxb7 exf2
37.Bd5+ Kh8 38.Kxf2 Rf5+ 39.Kg2 Re2+ 40.Kh3 Rxb2 41.Rxa7 Rff2 42.Rb7 Rf6
43.a4 Ra2 44.Ra7 Ra3 45.Kg4 Rd6 46.Kf4 g5+ 47.Ke5 Rd8 48.Kf6 Rxg3 49.Rb7 Ra3
50.Kxg5 Rxa4 51.Rxb6 Ra7 52.Kf5 Rad7 53.Ke5 Rh7 54.Rc6 Rh5+ 55.Ke4 Rh4+ 56.Kf5 Rf8+
57.Kg5 Rh7 58.Be4 Rg7+ 59.Kh5 Rf2 60.Rc8+ Rg8 61.Rxg8+ Kxg8 62.Kg5 Kf7 63.Bd5+ Ke7
64.Kg4 Kd6 65.Kg3 Rd2 66.Bf7 Ke5 67.Kf3 Kd4 68.Be6 Rc2 69.Bf7 Rxc4 70.Ke2 Rb4
71.Kd2 c4 72.Kc2 Rb7 73.Bg6 Rg7 74.Bh5 Rg2+ 75.Kc1 Kc3 76.Kd1 Rg1+ 77.Ke2 Kb2
78.Bf3 c3 79.Be4 c2 80.Bxc2 Kxc2 81.Kf2 Rg8 82.Kf3 Re8 83.Kf4 Kd3 84.Kf5 Kd4
85.Kf6 Kd5 86.Kf7 Re6 87.Kf8 Kd6 88.Kf7 Kd7 89.Kf8 Re7 90.Kg8 Ke6 91.Kf8 Kf6
92.Kg8 Rf7 93.Kh8 Kg6 94.Kg8 Rf6 95.Kh8 Rf8+  0-1

[Event "Czech Open G1 Rapid 2013"]
[Site "Pardubice CZE"]
[Date "2013.07.18"]
[Round "8.23"]
[White "Zwardon,V"]
[Black "Usmanov,V"]
[Result "1-0"]
[WhiteElo "2391"]
[BlackElo "2386"]

1.c4 e6 2.Nf3 d5 3.e3 Nf6 4.b3 Be7 5.g4 Nxg4 6.Rg1 Bf6 7.d4 e5 8.h3 exd4
9.exd4 Qe7+ 10.Be2 Nh6 11.Nc3 c6 12.Bxh6 gxh6 13.cxd5 Bf5 14.Qd2 Bg6 15.Qxh6 c5
16.Kf1 cxd4 17.Bb5+ Kd8 18.Qf4 Bg7 19.Nxd4 Qf6 20.Ne6+ fxe6 21.Qd6+ Kc8 22.Rc1 Nc6
23.dxc6 bxc6 24.Ba6+  1-0

[Event "Lueneburg Open 2013"]
[Site "Lueneburg GER"]
[Date "2013.07.20"]
[Round "6.11"]
[White "Reuber,A"]
[Black "Terhorst,J"]
[Result "1-0"]
[WhiteElo "2129"]
[BlackElo "2182"]

1.c4 e6 2.Nf3 d5 3.g3 c5 4.Bg2 Nc6 5.O-O Nf6 6.cxd5 exd5 7.d4 Be7 8.Nc3 O-O
9.Bf4 Bg4 10.Ne5 cxd4 11.Nb5 Qb6 12.Nc7 Qxc7 13.Nxg4 Qd7 14.Ne5 Qe6 15.Nxc6 bxc6
16.Qxd4 Rfe8 17.Bf3 Bd6 18.Rac1 c5 19.Qa4 Ne4 20.Bxe4 Bxf4 21.Bxh7+ Kxh7
22.Qxf4 Qxe2 23.Qxf7 Rad8 24.Qf5+ Kh8 25.Rxc5 Qxb2 26.Qh5+ Kg8 27.Rxd5 Qxa2
28.Ra5 Qb2 29.Rxa7 Rf8 30.Qc5 Qe2 31.Re7 Qf3 32.Qc4+ Kh8 33.Re4 Rf5 34.Rh4+ Rh5
35.Qg4 Qxg4 36.Rxg4 Rhd5 37.Re1 Rd1 38.Rxd1 Rxd1+ 39.Kg2 Rd3 40.Rg6 Kh7 41.Rc6 Ra3
42.h4 Rb3 43.g4 Ra3 44.f3 Ra4 45.h5 Rb4 46.Kg3 Ra4 47.f4 Rb4 48.f5 Kh8 49.Kh4 Ra4
50.Kg5 Rb4 51.h6 Kh7 52.Rc7 Kh8 53.Re7 Ra4 54.hxg7+ Kg8 55.f6 Ra5+ 56.Kg6  1-0

[Event "Glorney Cup 2013"]
[Site "Cardiff ENG"]
[Date "2013.07.22"]
[Round "3.5"]
[White "Nettleton,Charlie B"]
[Black "Evans,Nicholas Thomas"]
[Result "1/2-1/2"]
[WhiteElo "1889"]
[BlackElo "1755"]

1.c4 e6 2.Nf3 d5 3.g3 c5 4.cxd5 exd5 5.d4 Nc6 6.Nc3 Nf6 7.Bg5 Be7 8.Bg2 O-O
9.O-O c4 10.Ne5 Be6 11.e4 Nxe4 12.Bxe7 Nxe7 13.Nxe4 dxe4 14.Bxe4 Bd5 15.Qf3 Rc8
16.Rac1 b5 17.b3 Bxe4 18.Qxe4 cxb3 19.axb3 Qd5 20.Qxd5 Nxd5 21.Rc5 Rxc5 22.dxc5 f6
23.Nf3 Rc8 24.Rc1 a5 25.Nd4 a4 26.bxa4 bxa4 27.Kf1 a3  1/2-1/2

[Event "Maccabiah IM2 2013"]
[Site "Jerusalem ISR"]
[Date "2013.07.22"]
[Round "2.4"]
[White "Arlinsky,U"]
[Black "Gurbanov,A"]
[Result "1/2-1/2"]
[WhiteElo "2321"]
[BlackElo "2270"]

1.c4 e6 2.Nf3 d5 3.d4 c6 4.e3 Bd6 5.Bd3 f5 6.O-O Nf6 7.b3 Qe7 8.Bb2 O-O 9.Qc1 Bd7
10.Ba3 Be8 11.Bxd6 Qxd6 12.Qa3 Ne4 13.Qxd6 Nxd6 14.Nc3 Nd7 15.Rac1 Bh5 16.Ng5 Rae8
17.Nh3 Bg4 18.Nf4 g5 19.Nfe2 Bxe2 20.Bxe2 Kg7 21.Bd3 a6 22.Rfd1 h6 23.a4 Rb8
24.a5 Rbe8 25.Re1 Nf6 26.cxd5 exd5 27.Na4 Re7 28.f3 Rfe8 29.Kf2 Rf8 30.Bb1 Nd7
31.Nc3 Rfe8 32.Bd3 Nf6 33.Nb1 Nd7 34.Nd2 Nf8 35.b4 Ne6 36.Nb3 Nc7 37.g3 Ncb5
38.h3 h5 39.Nc5 Kf6 40.h4 g4 41.f4 Ra8 42.Na4  1/2-1/2

[Event "31st Andorra Open"]
[Site "La Massana AND"]
[Date "2013.07.22"]
[Round "3.18"]
[White "Iturrizaga,E"]
[Black "Berry,N"]
[Result "1-0"]
[WhiteElo "2643"]
[BlackElo "2247"]

1.c4 e6 2.Nf3 d5 3.d4 c5 4.e3 Nf6 5.Nc3 a6 6.cxd5 exd5 7.Be2 Nc6 8.O-O Bd6
9.b3 cxd4 10.Nxd4 O-O 11.Bb2 Re8 12.Rc1 Nxd4 13.Qxd4 Be5 14.Qd2 Ne4 15.Nxe4 Bxb2
16.Rcd1 Ba3 17.Nc3 Be6 18.Bf3 Qa5 19.Nxd5 Qxd2 20.Rxd2 Bxd5 21.Bxd5 Re7 22.Rc2 g6
23.e4 Rd8 24.f4 Kg7 25.f5 f6 26.g4 Bd6 27.g5 Be5 28.h4 gxf5 29.Rxf5 fxg5
30.hxg5 b6 31.Kg2 a5 32.Kf3 Rb8 33.Kg4 Bd4 34.Rc6 Rd8 35.Kh5 Bc5 36.Rcf6 Bd4
37.Be6 Rd6 38.Rf7+ Rxf7 39.Rxf7+ Kg8 40.Bc4 Bc5 41.e5 Rg6 42.Rc7+  1-0

[Event "28th Avoine Open"]
[Site "Avoine FRA"]
[Date "2013.07.23"]
[Round "4.12"]
[White "Pietrasanta,J"]
[Black "Delorme,Al"]
[Result "1/2-1/2"]
[WhiteElo "2197"]
[BlackElo "2296"]

1.c4 e6 2.Nf3 d5 3.g3 Nf6 4.Bg2 Be7 5.O-O O-O 6.b3 c5 7.Bb2 Nc6 8.cxd5 exd5
9.d4 b6 10.Nc3 Bb7 11.dxc5 bxc5 12.Rc1 Rc8 13.Na4 Nb4 14.Bxf6 Bxf6 15.Nxc5 Nxa2
16.Nxb7 Rxc1 17.Nxd8 Rxd1 18.Rxd1 Rxd8 19.Kf1  1/2-1/2

[Event "ch-AUT 2013"]
[Site "Feldkirch AUT"]
[Date "2013.07.23"]
[Round "4.5"]
[White "Fauland,A"]
[Black "Nussbaumer,Leon"]
[Result "1-0"]
[WhiteElo "2446"]
[BlackElo "1870"]

1.c4 e6 2.Nf3 d5 3.g3 Nf6 4.b3 c6 5.Bg2 Nbd7 6.Bb2 Be7 7.O-O O-O 8.Qc2 b6
9.d3 Bb7 10.e4 Nc5 11.e5 Nfd7 12.Nc3 Na6 13.Rad1 d4 14.Nxd4 Nxe5 15.Qe2 Qxd4
16.Nd5 Qc5 17.Qxe5 f6 18.Qxe6+ Rf7 19.d4 Qd6 20.Nxe7+ Qxe7 21.Rfe1 Qxe6 22.Rxe6 Nc7
23.Re3 Rd8 24.Rde1 Rfd7 25.Re7 Ba8 26.Bh3 Rxe7 27.Rxe7 Ne8 28.Rxa7 Nd6 29.Ba3 Ne4
30.Be7 Re8 31.Be6+ Kh8 32.Bd7 Rb8 33.f3 Ng5 34.Kf2 Kg8 35.h4  1-0

[Event "9th Ribeira Valley Open 2013"]
[Site "Registro BRA"]
[Date "2013.07.31"]
[Round "3.3"]
[White "Bachmann,Ax"]
[Black "Umetsubo,C"]
[Result "1-0"]
[WhiteElo "2536"]
[BlackElo "2298"]

1.c4 e6 2.Nf3 d5 3.g3 Nf6 4.Bg2 Be7 5.O-O O-O 6.d4 dxc4 7.Qc2 a6 8.a4 Bd7
9.Qxc4 Bc6 10.Bg5 Nbd7 11.Nc3 Rc8 12.b4 Nb6 13.Qb3 h6 14.Bxf6 Bxf6 15.e4 Bxd4
16.Rad1 e5 17.Nxe5 Qf6 18.Ng4 Qg6 19.Nxh6+ Qxh6 20.Rxd4 Rcd8 21.Rdd1 Bd7
22.a5 Be6 23.Qc2 Nd7 24.Na4 Ne5 25.Rxd8 Rxd8 26.Qxc7 Nc6 27.Nb6 Qd2 28.Qxb7 Nxb4
29.Qc7 Rd3 30.Nc4 Qc3 31.Qb8+ Kh7 32.Ne5 Nc6 33.Nxc6 Qxc6 34.e5 Qc4 35.Re1 g6
36.Bf1 Qc3 37.Re4 Rd4 38.Rxd4 Qxd4 39.Qd6 Bd5 40.Qf6 Qc3 41.Qh4+ Kg7 42.Qf6+ Kh7
43.h4 Qxa5 44.Qxa6 Qc3 45.Qe2 Bb7 46.Bg2 Bc8 47.Bd5 Kg7 48.Qf3  1-0

[Event "XXII TCh-MKD 2013"]
[Site "Struga MKD"]
[Date "2013.08.01"]
[Round "4.4"]
[White "Bogdanovski,V"]
[Black "Bogoevski,J"]
[Result "1-0"]
[WhiteElo "2435"]
[BlackElo "2211"]

1.c4 e6 2.Nf3 d5 3.g3 Nf6 4.Bg2 Be7 5.O-O O-O 6.d4 Nbd7 7.Qc2 c6 8.Rd1 b5
9.c5 Ne4 10.Bf4 a5 11.Nc3 f5 12.Nxe4 fxe4 13.Ne5 Nxe5 14.Bxe5 Bf6 15.Bd6 Be7
16.Bxe7 Qxe7 17.f3 Qg5 18.Qd2 Qxd2 19.Rxd2 exf3 20.exf3 Bd7 21.Re1 Rf6 22.f4 h5
23.Bh3 Kf7 24.Rf2 Rf8 25.Re5 g6 26.Kg2 Ra8 27.Kf3 Ra6 28.Rfe2 Ra8 29.R2e3 Rf8
30.Re1 Ra8 31.Rf1 Rf8 32.Rf2 Ke7 33.Ke3 Kf7 34.Rf3 Rh8 35.Kf2 Rh6 36.Rfe3 Rh8
37.Kg2 Bc8 38.Ra3 a4 39.b3 axb3 40.Ra7+ Ke8 41.axb3 Rg8 42.Rg5  1-0

[Event "Stare Mesto Open 2013"]
[Site "Stare Mesto CZE"]
[Date "2013.08.09"]
[Round "1.20"]
[White "Tauber,Mar"]
[Black "Mrkus,Frantisek"]
[Result "1/2-1/2"]
[WhiteElo "2176"]
[BlackElo "1694"]

1.c4 e6 2.Nf3 d5 3.g3 Nf6 4.Bg2 c6 5.O-O Bd6 6.b3 O-O 7.Bb2 Re8 8.d4 Nbd7
9.Nc3 dxc4 10.bxc4 e5 11.Qc2 exd4 12.Nxd4 Ne5 13.Rad1 Bd7 14.Ne4 Nxe4 15.Bxe4 Ng6
16.c5 Bf8 17.Nxc6 bxc6 18.Bxc6 Bxc6 19.Rxd8 Raxd8 20.Rd1 Rxd1+ 21.Qxd1 Ne5
22.Qc2 Nd7 23.Bd4 Re4 24.Qb2 Re6 25.Qc2 Bb5 26.Be3 Rc6 27.Qb3 a6 28.a4 Nxc5
29.axb5 Nxb3 30.bxc6 Bd6 31.Bf4 Nd4 32.Bxd6 Nxc6 33.Kf1 f6 34.Ke1 Kf7 35.Kd2 Ke6
36.Bf8 g6 37.f3 Kd5 38.Kc3 f5 39.Kd3 a5 40.e4+ fxe4+ 41.fxe4+ Ke6 42.Ke3 Nd8
43.Bc5 Nf7 44.h4 Ne5  1/2-1/2

[Event "Stare Mesto Open 2013"]
[Site "Stare Mesto CZE"]
[Date "2013.08.12"]
[Round "5.4"]
[White "Pogan,N"]
[Black "Kanovsky,D"]
[Result "0-1"]
[WhiteElo "2284"]
[BlackElo "2391"]

1.c4 e6 2.Nf3 d5 3.e3 Nf6 4.b3 c5 5.Bb2 Nc6 6.cxd5 exd5 7.d3 Bd6 8.Be2 O-O
9.Nbd2 Re8 10.a3 Bf5 11.O-O Qe7 12.Re1 Ne5 13.Nxe5 Bxe5 14.Bxe5 Qxe5 15.Nf3 Qe7
16.Qd2 h6 17.Qb2 Rac8 18.Rac1 b6 19.b4 Bg4 20.bxc5 bxc5 21.Qd2 Rc7 22.Qa5 Rec8
23.Rc2 Nd7 24.Rec1 Nb6 25.h3 Bh5 26.Kf1 Bg6 27.Rc3 Kh7 28.d4 cxd4 29.Nxd4 Rxc3
30.Rxc3 Nc4 31.Bxc4 dxc4 32.Kg1 Rc5 33.Qb4 a5 34.Qb8 Bd3 35.a4 Rg5 36.Nf3 Rf5
37.Qb6 Rd5 38.Qc6 Be4 39.Qc7 Qxc7  0-1

[Event "12th Lichtenberger Sommer"]
[Site "Berlin GER"]
[Date "2013.08.25"]
[Round "9.55"]
[White "Werner,Justus"]
[Black "Engesser,Jonas"]
[Result "0-1"]
[WhiteElo "1737"]
[BlackElo "1824"]

1.c4 e6 2.Nf3 d5 3.g3 c5 4.Bg2 Nc6 5.O-O Nf6 6.d3 Be7 7.Nc3 O-O 8.e4 dxe4
9.dxe4 b6 10.Qe2 Bb7 11.Rd1 Qc8 12.b3 Rd8 13.Bb2 Nd4 14.Nxd4 cxd4 15.Nb5 e5
16.f4 d3 17.Rxd3 Rxd3 18.Qxd3 Bc5+ 19.Kf1 Ng4 20.Ke1 Nf2 21.Qe2 exf4 22.gxf4 f5
23.b4 Qd7 24.bxc5 Nd3+ 25.Kf1 Nxf4 26.Qf2 fxe4 27.Qxf4 Rf8 28.Qxf8+ Kxf8
29.cxb6 Qd2 30.Ba3+ Kg8 31.Kg1 a6 32.Rf1 Qe3+ 33.Kh1 h6 34.Nd6 Qxa3 35.Nxb7 e3
36.Bd5+ Kh8 37.Bf3 Qd3 38.Kg1 e2 39.Bxe2 Qxe2 40.c5 Qg4+ 41.Kf2 Qd4+ 42.Kg3 Qe5+
43.Kf2 Qd5 44.Ke1 Qxb7 45.Rf2 Qe7+ 46.Kf1 Qxc5 47.b7 Qb5+ 48.Kg1 Qxb7 49.Kf1 a5
50.Ke1 a4 51.Kf1 a3 52.Kg1 Kh7 53.Kf1 Kg6 54.Kg1 Kg5 55.Rg2+ Kf4  0-1

[Event "Petersburg Summer Blitz 2013"]
[Site "St Petersburg RUS"]
[Date "2013.08.28"]
[Round "13.5"]
[White "Gorovets,A"]
[Black "Popov,Val"]
[Result "1/2-1/2"]
[WhiteElo "2467"]
[BlackElo "2548"]

1.c4 e6 2.Nf3 d5 3.b3 a5 4.Nc3 Nf6 5.Bb2 Be7 6.g3 c6 7.d4 b6 8.Bg2 O-O 9.Ne5 Bb7
10.O-O Nbd7 11.e4 dxe4 12.Nxe4 Qc7 13.Qe2 Nxe4 14.Qxe4 Nf6 15.Qe2 a4 16.Rfd1 Rfd8
17.Bc3 axb3 18.axb3 c5 19.Rxa8 Bxa8 20.dxc5 bxc5 21.Rxd8+ Qxd8 22.Nc6 Bxc6
23.Bxc6 Qb6 24.Bb5 h6 25.Qd3 Qa7 26.Ba4 Qb7 27.f3 Qc7 28.Kg2 Bd6 29.Bb5 Be5
30.Bd2 Bd6 31.Qc3 Be5 32.Qd3 g5 33.b4 Kg7 34.Be1 Bd6 35.bxc5 Qxc5 36.Bf2 Qc7
37.Qd4 Be5 38.Qc5 Qb8 39.Qb6 Qa8 40.Qc6 Qa2 41.Qc5 Qb2 42.Qe3 Kg8 43.Qd3 Kg7
44.c5 Nd5 45.c6 Kg8 46.Bc4 Nb4 47.Qe4 Bc7 48.h4 Bb6 49.Qe2 Qxe2 50.Bxe2 Bc7
51.hxg5 hxg5 52.Bb5 Kg7 53.Bd4+ f6 54.Bc5 Nd5 55.Kf2 Kf7 56.Bc4 Ne7 57.g4 Nxc6
58.Kg2 Ne5 59.Be2 Ng6 60.Be3 Bf4 61.Bf2 Be5 62.Be3 Ne7 63.Bc4 Nd5 64.Bd2 Bd4
65.Ba6 Ke7 66.Bb7 Kd6 67.Kf1 Nb6 68.Ke2 Bc5 69.Be4 Nd5 70.Kd3 Ke5 71.Bc1 Kd6
72.Bb2 Nf4+ 73.Kc4 e5 74.Bc1 Ne6 75.Bd2 Nd4 76.Bc3 Ne2 77.Ba5 Ng3 78.Be1 Nf1
79.Ba5 Ne3+ 80.Kd3 Bd4 81.Bb4+ Ke6 82.Bd2 Nd1 83.Ke2 Nb2 84.Bb4 Nc4 85.Kd3 Nb6
86.Ba5 Nd5 87.Bd2 Kd6 88.Kc4 Nb6+ 89.Kd3 Nd7 90.Bb4+ Bc5 91.Bd2 Ba3 92.Kc4 Bc5
93.Ba5 Bd4 94.Bb4+ Bc5 95.Bc3 Nb6+ 96.Kd3 Nd5 97.Bd2 Nc7 98.Kc4 Ne6 99.Bc3 Nf4  1/2-1/2

[Event "TCh-SRB 1st League 2013"]
[Site "Kragujevac SRB"]
[Date "2013.09.01"]
[Round "9.2"]
[White "Damljanovic,B"]
[Black "Grachev,B"]
[Result "1/2-1/2"]
[WhiteElo "2559"]
[BlackElo "2676"]

1.c4 e6 2.Nf3 d5 3.b3 Nf6 4.g3 Be7 5.Bg2 O-O 6.O-O b6 7.Bb2 c5 8.e3 Nc6 9.Nc3 Ba6
10.d3 Qd7 11.e4 Bb7 12.cxd5 exd5 13.Nxd5 Nxd5 14.exd5 Qxd5 15.Ne5 Qd6 16.d4 cxd4
17.Nxc6 Bxc6 18.Qxd4 Qxd4 19.Bxd4 Bxg2 20.Kxg2 Rfd8 21.Be3 Ba3 22.Rfd1 f6
23.Kf3 Kf7 24.Ke2 Ke6 25.Rxd8 Rxd8 26.Rb1 Bd6 27.Rc1 Rd7 28.Rc4 Rc7 29.Kd3 Rd7
30.Re4+ Kd5 31.h4 g6 32.h5 Be5 33.hxg6 f5 34.Rc4 Ke6+ 35.Ke2 hxg6 36.Rc8 Bd6
37.Rg8 Kf7 38.Ra8 Ke6 39.Kf3 Be7 40.g4 fxg4+ 41.Kxg4 Rc7 42.Kf3 Kf5 43.Ke2 Rc2+
44.Kd3 Rxa2 45.Bxb6 Ra3 46.Rxa7 Rxb3+ 47.Ke2 Rxb6 48.Rxe7  1/2-1/2

[Event "78th ch-ESP 2013"]
[Site "Linares ESP"]
[Date "2013.09.01"]
[Round "4.21"]
[White "Andres Gonzalez,I"]
[Black "Silva Rodriguez,J"]
[Result "0-1"]
[WhiteElo "2311"]
[BlackElo "2198"]

1.c4 e6 2.Nf3 d5 3.g3 dxc4 4.Qa4+ Nd7 5.Bg2 a6 6.Qxc4 b5 7.Qc2 Bb7 8.O-O Ngf6
9.d4 c5 10.Nc3 Qb6 11.Rd1 cxd4 12.Nxd4 Bxg2 13.Kxg2 Bc5 14.Nf3 O-O 15.e4 Qb7
16.Bf4 Ng4 17.Rf1 Rac8 18.h3 Nxf2 19.a3 e5 20.Bc1 f5 21.Rxf2 Bxf2 22.Ng5 fxe4
23.Qb3+ Rc4 24.Kh2 Nc5 25.Qa2 h6 26.b4 hxg5 27.bxc5 Qf7 28.Bd2 Bd4 29.Nb1 Rc1
30.Bxc1  0-1

[Event "TCh-ROU 2013"]
[Site "Mamaia ROU"]
[Date "2013.09.01"]
[Round "2.4"]
[White "Rogozenco,D"]
[Black "Marin,Mi"]
[Result "0-1"]
[WhiteElo "2515"]
[BlackElo "2560"]

1.c4 e6 2.Nf3 d5 3.g3 dxc4 4.Bg2 Nd7 5.Na3 Bxa3 6.bxa3 Nb6 7.Qc2 f6 8.Bb2 Ne7
9.O-O e5 10.Ne1 Bf5 11.e4 Be6 12.f4 Nc6 13.Nf3 Qd6 14.a4 Nb4 15.Qc3 Nxa4
16.Qa3 Nxb2 17.Qxb2 Qb6+ 18.Kh1 Nd3 19.Qa3 Nf2+ 20.Rxf2 Qxf2 21.fxe5 O-O-O
22.exf6 gxf6 23.Rb1 Rd6 24.Rf1 Qb6 25.Qc3 Rf8 26.Ng5 Rd3 27.Qc2 Qd6 28.Nxh7 Rh8
29.e5 Qxe5 30.Nxf6 Rxg3 31.Nh7 Rxg2 32.Kxg2 Qe2+  0-1

[Event "15th Trieste Open"]
[Site "Trieste ITA"]
[Date "2013.09.01"]
[Round "2"]
[White "Kolesar,Mil"]
[Black "Trussevich,Sergey"]
[Result "1/2-1/2"]
[WhiteElo "2141"]
[BlackElo "2328"]

1.Nf3 e6 2.c4 d5 3.d4 c5 4.cxd5 exd5 5.Nc3 Nc6 6.g3 Nf6 7.Bg2 Be7 8.O-O O-O
9.Bg5 cxd4 10.Nxd4 h6 11.Be3 Re8 12.Qb3 Na5 13.Qc2 b6 14.Rad1 Bb7 15.Nf5 Rc8
16.Qb1 Bb4 17.Bd4 Bxc3 18.Bxc3 Rxe2 19.Rfe1 Rxe1+ 20.Rxe1 Nc6 21.Bxf6 Qxf6
22.Bxd5 Kh8 23.b3 Na5 24.Bxb7 Nxb7 25.Ne3 Nc5 26.Rd1 Re8 27.Rd5 Ne4 28.Rf5 Qc6
29.Qc2 Qb7 30.Qd3 Nf6 31.Qd1 Qe4 32.Qf3 Qxf3 33.Rxf3 Rd8 34.Nc4 b5 35.Ne5 Rd1+
36.Kg2 Ra1 37.Nxf7+ Kh7 38.a4 bxa4 39.bxa4 Rxa4 40.h3 a5 41.g4 Nd5 42.Nd6 Nf4+
43.Kg3 g5 44.h4 Rd4 45.hxg5 Ne2+ 46.Kh4 Rxd6 47.Re3 Nf4 48.Re4 Ng6+ 49.Kh5 Rd5
50.f4 Nxf4+ 51.Rxf4 Rxg5+ 52.Kh4 Rg7 53.Ra4 Rg5 54.Rc4 Rg7 55.Ra4 Rg5 56.Rc4 Rb5
57.Rc7+ Kg6 58.Rc6+ Kg7 59.Ra6 Rd5 60.Ra7+ Kf6 61.Rh7 Kg6 62.Ra7 Re5 63.Ra6+ Kg7
64.Ra7+ Kf6 65.Ra6+ Kg7 66.Ra7+ Kg8 67.Ra6 Kg7 68.Ra7+  1/2-1/2

[Event "TCh-ROU 2013"]
[Site "Mamaia ROU"]
[Date "2013.09.02"]
[Round "3.4"]
[White "Zaim,M"]
[Black "Berescu,A"]
[Result "1/2-1/2"]
[WhiteElo "2124"]
[BlackElo "2470"]

1.c4 e6 2.Nf3 d5 3.b3 Nf6 4.g3 b6 5.Bg2 Bb7 6.O-O Nbd7 7.Bb2 Be7 8.d3 c5
9.e3 O-O 10.Nbd2 Rc8 11.Qc2 Qc7 12.Rac1 Qb8 13.Qb1 Rfd8 14.Rfd1 Qa8 15.Qa1 dxc4
16.dxc4 Nb8 17.Ne1 Bxg2 18.Nxg2 Rd7 19.Ne1 Rcd8 20.Ndf3 Nc6 21.Kf1 Nb4 22.Ke2 h6
23.Rxd7 Rxd7 24.a3 Nc6 25.Rd1 Qd8 26.Rxd7 Qxd7 27.Qb1  1/2-1/2

[Event "TCh-ROU w 2013"]
[Site "Mamaia ROU"]
[Date "2013.09.03"]
[Round "4.1"]
[White "Marin,Ir"]
[Black "Cosma,E"]
[Result "0-1"]
[WhiteElo "2130"]
[BlackElo "2328"]

1.c4 e6 2.Nf3 d5 3.b3 Be7 4.Bb2 Nf6 5.g3 O-O 6.Bg2 b6 7.O-O Bb7 8.e3 Nbd7
9.Nc3 c5 10.Qe2 Qc7 11.Nb5 Qb8 12.Rfd1 Re8 13.Rac1 a6 14.Nc3 Qa7 15.cxd5 Nxd5
16.Nxd5 Bxd5 17.e4 Bb7 18.d4 Rad8 19.e5 Nf8 20.Ne1 Rd7 21.dxc5 Bxc5 22.Bxb7 Qxb7
23.Nd3 Be7 24.Nf4 Red8 25.Rxd7 Rxd7 26.Nh5 Ng6 27.Nf6+ gxf6 28.exf6 Bb4 29.Qg4 Bc5
30.h4 Bxf2+ 31.Kxf2 Rd2+ 32.Ke3 Rxb2 33.Qg5 Qd7 34.Kf3 Qd3+ 35.Kg4  0-1

[Event "I Azuqueca Chess Classic 2013"]
[Site "Azuqueca de Henares ESP"]
[Date "2013.09.20"]
[Round "7.5"]
[White "Gascon,Jose Rafael"]
[Black "Martin Duque,J"]
[Result "1/2-1/2"]
[WhiteElo "2268"]
[BlackElo "2229"]

1.c4 e6 2.Nf3 d5 3.g3 Nf6 4.Bg2 Be7 5.O-O O-O 6.d4 dxc4 7.Qc2 a6 8.Qxc4 b5
9.Qc2 Bb7 10.Bd2 Be4 11.Qc1 Bb7 12.Qc2 Be4 13.Qc1 Bb7 14.Rd1 Bd6 15.Bg5 Nbd7
16.Ne5 Bxg2 17.Kxg2 Qc8 18.Nxd7 Nxd7 19.Qc6 h6 20.Bf4 Bxf4 21.gxf4 Rb8 22.Nd2 Rb6
23.Qf3 Nf6 24.Rac1 Rd8 25.e3 Qd7 26.Nb3 Qe7 27.Kh1 Ne8 28.Na5 Qh4 29.Rg1 Rd5
30.Rg4 Qe7 31.Nc6 Qd6 32.Ne5 c5 33.Rcg1 f6 34.Nd3 cxd4 35.e4 f5 36.R4g2 fxe4
37.Qxe4 Rf5 38.Ne5 Qd5 39.Qc2 Rb8 40.Qd2 Rd8 41.Ng6 Rd7 42.Rc1 Nd6 43.Ne5 Nc4
44.Nxd7 Nxd2 45.Rc8+ Kh7 46.Rc7 h5 47.Ne5 Qxg2+ 48.Kxg2 Rxf4 49.Rc6 Re4 50.Rxe6 Nc4
51.Nf7 Rxe6 52.Ng5+ Kg6 53.Nxe6 Nxb2 54.Nxd4 Kf6 55.f4 Nd1 56.Kf3 Nc3 57.a3 Nb1
58.Nc2 g5 59.Ke4 g4 60.Nb4 Nxa3 61.Nxa6 h4 62.Nc7 h3 63.Nd5+ Kf7 64.Ne3 g3
65.Ng4 g2 66.Ne5+ Kf6 67.Nf3 Nc4 68.Ng1 b4 69.Kd3 Nd6 70.Nxh3 Kf5 71.Kc2 Kg4
72.Ng1 Ne4 73.Kb3 Nf2 74.f5 Nh3 75.f6 Nxg1 76.f7 Nf3 77.f8=Q g1=Q 78.h3+ Kxh3
79.Qxf3+  1/2-1/2

[Event "Slama Mem Schev 2013"]
[Site "Monastir TUN"]
[Date "2013.09.20"]
[Round "7.1"]
[White "Lazic,Mir"]
[Black "Van Hoolandt,P"]
[Result "1-0"]
[WhiteElo "2439"]
[BlackElo "2211"]

1.c4 e6 2.Nf3 d5 3.g3 Nf6 4.Bg2 d4 5.O-O Nc6 6.d3 Bc5 7.Na3 O-O 8.Nc2 a5
9.e3 e5 10.exd4 exd4 11.Re1 Bg4 12.h3 Bh5 13.Bf4 Nd7 14.Qd2 f6 15.g4 Bf7
16.Bg3 g5 17.b3 Re8 18.a3 Rxe1+ 19.Rxe1 Bf8 20.Nfxd4 Nxd4 21.Nxd4 Nc5 22.Qc3 c6
23.Nf5 Ne6 24.d4 Bxa3 25.Nh6+ Kg7 26.Nxf7 Kxf7 27.Qd3 Qxd4 28.Qxh7+ Ng7 29.Be4 Rg8
30.Bg6+ Kf8 31.Re8+  1-0

[Event "Dnipropetrovsk A 2013"]
[Site "Dnipropetrovsk UKR"]
[Date "2013.09.21"]
[Round "7.2"]
[White "Tsirulnik,Mari"]
[Black "Sukhareva,E"]
[Result "1-0"]
[WhiteElo "2174"]
[BlackElo "2215"]

1.c4 e6 2.Nf3 d5 3.b3 b6 4.Bb2 Bb7 5.g3 c5 6.Bg2 Nf6 7.O-O Nbd7 8.e3 Be7
9.Ne1 O-O 10.f4 Qc7 11.Nc3 a6 12.d3 dxc4 13.bxc4 Bxg2 14.Nxg2 Rfd8 15.Qe2 Nb8
16.g4 Nc6 17.Rad1 Rd7 18.f5 Ne5 19.h3 Rad8 20.fxe6 fxe6 21.g5 Ne8 22.d4 Ng6
23.Qg4 cxd4 24.Qxe6+ Kh8 25.exd4 Bxg5 26.Ne4 Bh6 27.Rf3 Nd6 28.Nxd6 Rxd6
29.Qe2 R6d7 30.d5 Re7 31.Qf1 Kg8 32.Ba3 Re4 33.c5 bxc5 34.Qxa6 Bg5 35.d6 Qd7
36.Bxc5 Ne5 37.Rb3 Qf5 38.Qf1 Nf3+ 39.Qxf3 Qxc5+ 40.Kh1 Ree8 41.Rc3 Qe5 42.Rd5 Qf6
43.Rf5 Qxd6 44.Rxg5 Rf8 45.Qg3 Rf1+ 46.Kh2 Qd4 47.Qe3 Qd1 48.Rxg7+ Kxg7 49.Qe7+ Kh6
50.Qe6+ Kg7 51.Rg3+  1-0

[Event "UKR-POL Academic Teams"]
[Site "Lviv UKR"]
[Date "2013.09.28"]
[Round "5"]
[White "Makarov,V MDA"]
[Black "Siedlinski,P"]
[Result "1-0"]
[WhiteElo "2286"]
[BlackElo "2092"]

1.c4 e6 2.Nf3 d5 3.e3 Nf6 4.b3 Be7 5.Bb2 O-O 6.Be2 b6 7.O-O Bb7 8.d4 Nbd7
9.Nc3 c5 10.a4 Rc8 11.Ne5 Ne4 12.Nxe4 Nxe5 13.Nxc5 Nxc4 14.Nxb7 Nxb2 15.Qb1 Qc7
16.Ba6 Bb4 17.Ra2 Rb8 18.Rxb2 Rxb7 19.Bxb7 Qxb7 20.Qd3 Rd8 21.Rc2 Bd6 22.Rfc1 g6
23.Qb5 Kf8 24.a5 Ke7 25.g3 h5 26.axb6 axb6 27.Qc6 Qa6 28.Qa4 Qb7 29.Ra2 Rd7
30.Qa8 Qxa8 31.Rxa8 b5 32.Rca1 b4 33.R1a7 Rxa7 34.Rxa7+ Kf6 35.f3 Bf8 36.e4 Bh6
37.Kf2 Bd2 38.Rd7 Bc3 39.Ke3 dxe4 40.fxe4 Be1 41.e5+ Kg7 42.d5  1-0

[Event "Grand Open Blagoevgrad 2013"]
[Site "Blagoevgrad BUL"]
[Date "2013.09.29"]
[Round "2.4"]
[White "Vaklinov,V"]
[Black "Palac,M"]
[Result "0-1"]
[WhiteElo "2144"]
[BlackElo "2562"]

1.c4 e6 2.Nf3 d5 3.b3 d4 4.g3 c5 5.d3 Nc6 6.Bg2 Bd6 7.O-O e5 8.e4 Nge7 9.Nh4 O-O
10.f4 f6 11.f5 g5 12.Nf3 Rf7 13.g4 h6 14.h4 Kf8 15.hxg5 fxg5 16.Rf2 Ng8 17.Nh2 Ke8
18.Nf1 Kd7 19.Ng3 Nf6 20.Bf3 Kc7 21.Rh2 Bf8 22.a3 Bd7 23.Nd2 Be8 24.Nh5 Nxh5
25.Rxh5 a6 26.Nf1 b5 27.Rh2 Rb8 28.Ng3 bxc4 29.bxc4 Kc8 30.Raa2 Rfb7 31.Rab2 Ne7
32.Kf1 Ng8 33.Qe1 Rb3 34.Rhd2 Nf6 35.Bd1 Rxb2 36.Rxb2 Rxb2 37.Bxb2 Qb6 38.Qd2 Be7
39.Bc1 Qb1 40.Nh1 Nd7 41.Nf2 Nb6 42.Qb2 Qxb2 43.Bxb2 Ba4 44.Ke2 Bxd1+ 45.Kxd1 Nd7
46.Ke2 Bd8 47.Bc1 Ba5 48.Bd2 Bxd2 49.Kxd2 Nf6 50.Kc2 Kd7 51.Kb3 Kc6 52.Kc2 Kb6
53.Kb2 Kc7 54.Kb3 Kc6 55.Kc2 Kd7 56.Kb3 Kc6 57.Kc2 Kd6 58.Kb3 Ke7 59.Kc2 Kf7
60.Kd2 Kg7 61.Ke2 h5 62.Kf3 Kh6 63.Kg3 h4+ 64.Kf3 Nd7 65.Nd1 Kg7 66.Nb2 Kf7
67.Nd1 Ke7 68.Kg2 Kd6 69.Nf2 Ke7 70.Kf3 Nb6 71.Ke2 Na4 72.Kd2 Nc3 73.Kc2 Ne2
74.Kb3 Nf4 75.Kc2 h3 76.Kd2 h2 77.Nh1 Ng2 78.Ke2 Ne3 79.Kf3 a5 80.a4 Nd1
81.Kg2 Nb2 82.Nf2 Nxa4 83.Kxh2  0-1

[Event "TCh-Moscow GpA 2013"]
[Site "Moscow RUS"]
[Date "2013.09.29"]
[Round "6.3"]
[White "Papin,V"]
[Black "Morozov,G"]
[Result "1-0"]
[WhiteElo "2524"]
[BlackElo "2341"]

1.c4 e6 2.Nf3 d5 3.d4 c6 4.Qc2 Nf6 5.Bg5 Nbd7 6.e3 Qa5+ 7.Nbd2 Ne4 8.Bf4 Bb4
9.Bd3 Ndf6 10.Ke2 Nxd2 11.Nxd2 Be7 12.h3 Bd7 13.a3 Qd8 14.Rac1 h6 15.Rhd1 O-O
16.Kf1 Nh5 17.Bh2 f5 18.Nf3 Nf6 19.Ne5 Be8 20.cxd5 cxd5 21.Qc7 Bh5 22.Re1 Ne4
23.Qxb7 Bd6 24.Kg1 Rb8 25.Qd7 Rxb2 26.Qxe6+ Kh7 27.Bxe4 fxe4 28.Bg3 Bxa3
29.Qa6 Bb4 30.Qa1 Rb3 31.Nc6 Qb6 32.Nxb4 Rxb4 33.Rc5 Bf7 34.Ra5 Ra8 35.Ra6 Qb7
36.Rc1 Rb6 37.Ra5 a6 38.Rac5 Qd7 39.Rc7 Qf5 40.Re7 Re6 41.Rb7 Rg8 42.Ra7 Bh5
43.Rxa6 Be2 44.Rxe6 Qxe6 45.Rc7 Qg6 46.Qa7 Bc4 47.Be5 Be2 48.Kh2 Bc4 49.Rd7 Bb3
50.Rf7 Bc4 51.Qe7 Bf1 52.g4 Kh8 53.Kg3 Be2 54.Rf5 Bc4 55.Qd7 Bb3 56.Rf7 Bc4
57.h4 h5 58.g5 Bb3 59.Re7  1-0

[Event "Grand Open Blagoevgrad 2013"]
[Site "Blagoevgrad BUL"]
[Date "2013.09.30"]
[Round "4.14"]
[White "Banov,B"]
[Black "Asparuhov,P"]
[Result "1-0"]
[WhiteElo "2189"]
[BlackElo "2104"]

1.c4 e6 2.Nf3 d5 3.g3 c6 4.Bg2 Nf6 5.O-O Be7 6.Qc2 O-O 7.d3 Nbd7 8.Nc3 Re8
9.h3 b6 10.Rd1 Qc7 11.cxd5 cxd5 12.Bf4 e5 13.Nxe5 Nxe5 14.d4 Bd6 15.dxe5 Bxe5
16.Bxe5 Rxe5 17.Rac1 Bb7 18.Nxd5 Qxc2 19.Nxf6+ gxf6 20.Rxc2 Bxg2 21.Kxg2 Rae8
22.e3 R8e7 23.Rd8+ Kg7 24.Rcc8 Ra5 25.Rg8+ Kh6 26.Rc4 Ree5 27.a3 Rac5 28.Rh4+ Rh5
29.Rxh5+ Rxh5 30.Ra8 Ra5 31.g4 Kg7 32.Kg3 Rb5 33.b4 a5 34.bxa5 bxa5 35.a4 Rc5
36.e4 h6 37.Kf4 h5 38.gxh5 Rxh5 39.f3 Rc5 40.h4 f5 41.e5 Rc4+ 42.Kxf5 Rxa4
43.f4 Ra1 44.Ra7 Rh1 45.e6 Rxh4 46.Rxf7+ Kg8 47.Ra7 Kf8 48.Ke5  1-0